Show Me the Monet! - Statistics

General Stats
  • This quiz has been taken 31 times
  • The average score is 39 of 45
Answer Stats
Question Tile Select % Correct
Find the Monet! No
96%
Find the Monet! No
96%
Find the Monet! No
96%
Find the Monet! No
96%
Find the Monet! No
96%
Find the Monet! No
92%
Find the Monet! No
92%
Find the Monet! No
92%
Find the Monet! No
92%
Find the Monet! No
92%
Find the Monet! No
92%
Find the Monet! No
92%
Find the Monet! Yes
92%
Find the Monet! No
92%
Find the Monet! No
92%
Find the Monet! No
92%
Find the Monet! No
92%
Find the Monet! No
92%
Find the Monet! No
92%
Find the Monet! No
92%
Find the Monet! Yes
88%
Find the Monet! No
88%
Find the Monet! No
88%
Find the Monet! No
88%
Find the Monet! No
88%
Find the Monet! No
88%
Find the Monet! No
88%
Find the Monet! No
88%
Find the Monet! No
88%
Find the Monet! No
88%
Find the Monet! No
84%
Find the Monet! No
84%
Find the Monet! Yes
80%
Find the Monet! No
80%
Find the Monet! No
80%
Find the Monet! No
80%
Find the Monet! No
80%
Find the Monet! Yes
80%
Find the Monet! No
80%
Find the Monet! No
80%
Find the Monet! No
80%
Find the Monet! No
80%
Find the Monet! No
76%
Find the Monet! No
76%
Find the Monet! Yes
76%
No matching quizzes found
Score Distribution
Percent of People with Each Score
Percentile by Number Answered
Your Score History
You have not taken this quiz